MARC

Tag First Indicator Second Indicator Subfields
LEADER 00000cas a2200000 a 4500
001 in00000082561
005 20151008053045.0
008 760620u1966uuuumouar a s0 a0eng c
010 |a  67064253  
035 |a (OCoLC)ocm02264264 
040 |a PIT  |b eng  |c PIT  |d OCL  |d FUG  |d OCL  |d DLC  |d OCLCQ  |d OCLCF  |d UtOrBLW 
042 |a pcc 
043 |a n-us-mo 
049 |a TXAM 
050 0 0 |a TA1  |b .M75 
090 |a TA1  |b .M74 
245 0 0 |a Abstracts of theses. 
264 1 |a Rolla :  |b University of Missouri--Rolla. 
300 |a volumes ;  |c 23-28 cm. 
310 |a Annual 
336 |a text  |b txt  |2 rdacontent 
337 |a unmediated  |b n  |2 rdamedia 
338 |a volume  |b nc  |2 rdacarrier 
362 1 |a Began with issue for 1965/66. 
530 |a Also issued online. 
588 |a Description based on: '68/'69. 
588 |a Latest issue consulted: 1973/75. 
610 2 0 |a University of Missouri--Rolla  |x Dissertations  |v Abstracts  |v Periodicals. 
650 0 |a Engineering  |v Abstracts  |v Periodicals. 
650 0 |a Dissertations, Academic  |v Abstracts  |v Periodicals. 
610 2 7 |a University of Missouri--Rolla.  |2 fast  |0 (OCoLC)fst00561443 
650 7 |a Dissertations, Academic.  |2 fast  |0 (OCoLC)fst00895423 
650 7 |a Engineering.  |2 fast  |0 (OCoLC)fst00910312 
655 7 |a Abstracts.  |2 fast  |0 (OCoLC)fst01423683 
655 7 |a Periodicals.  |2 fast  |0 (OCoLC)fst01411641 
710 2 |a University of Missouri--Rolla. 
776 0 8 |i Online version:  |t Abstracts of theses  |w (OCoLC)562057417 
850 |a DLC  |a FU 
994 |a C0  |b TXA 
949 |a updated  |b h  |c 2015/4/10  |e coplinger  |f 2:22:46 pm 
999 |a MARS 
999 f f |s ba475384-612a-336e-ae94-c5b82be6d92d  |i 2be81a2c-2599-355b-b62e-28293a9ca72d  |t 0 
952 f f |p ric  |a Texas A&M University  |b Rellis Campus  |c Joint Library Facility  |d Remote Storage  |t 0  |e TA1 .M74  |h Library of Congress classification  |i unmediated -- volume  |k 1971/1973  |m A14843028623 
952 f f |p ric  |a Texas A&M University  |b Rellis Campus  |c Joint Library Facility  |d Remote Storage  |t 0  |e TA1 .M74  |h Library of Congress classification  |i unmediated -- volume  |k 1966/1967  |m A14841242545 
952 f f |p ric  |a Texas A&M University  |b Rellis Campus  |c Joint Library Facility  |d Remote Storage  |t 0  |e TA1 .M74  |h Library of Congress classification  |i unmediated -- volume  |k 1973/1975  |m A14843029159 
998 f f |a TA1 .M74  |s 1966/1967,1971/1973-1973/1975  |t 0  |l Remote Storage